000 00956nam a2200253 a 4500
001 BRL_1037
005 20190320211016.0
008 051113s1976----mx-a######---#000-0#spa-#
041 _aspa
044 _amx
050 4 _aF1219.1.T623
_b.Z35 1976
100 1 _aZaldivar Guerra, María Luisa
_925644
245 1 0 _aSanta Apolonia Teacalco
_bun pueblo canastero
_cMa. Luisa Zaldivar Guerra.
260 _aMéxico
_bSEP : Departamento de Investigación de las Tradiciones Populares, Dirección General de Arte Popular
_c1976
300 _a80 p.
_bil.
_c22 cm.
440 0 _aEstudios de Folklore y de Arte Popular
_v2
_925645
500 _aAu1191
504 _aBibliografía: p. 77-80
650 1 4 _aCestería
_zSanta Apolonia Teacalco (Tlaxcala)
_925646
650 1 4 _aIndígenas de México
_xCestas
_zSanta Apolonia Teacalco (Tlaxcala)
_925647
651 4 _aSanta Apolonia Teacalco (Tlaxcala)
_xCondiciones economicas
_925648
902 _aGRL
942 _2lcc
_cB
999 _c9849
_d9849